Caesars English - Statistics

General Stats
  • This quiz has been taken 5 times
  • The average score is 5 of 20
Answer Stats
Classic Word Meaning % Correct
omni all
80%
vulgar common
60%
melancholy sadness
60%
re again
40%
vivid bright
40%
visage face
40%
ex out
40%
pend hang
20%
cide kill
20%
spec look
20%
pallor paleness
20%
venerate respect
20%
dict say
20%
traverse to cross
20%
undulate to wave
20%
bell war
20%
cred believe
0%
abate lessen
0%
repose resting
0%
miss send
0%
No matching quizzes found
Score Distribution
Percent of People with Each Score
Percentile by Number Answered
Your Score History
You have not taken this quiz